| 000 | 00577nam a2200181 a 4500 | ||
|---|---|---|---|
| 005 | 20210223123005.0 | ||
| 008 | 991125s1976 mx 000 0 eng u | ||
| 035 | _aUPN01000045301 | ||
| 049 | _aCG | ||
| 050 | 4 |
_aPS619 S6 _bS4.6 1976 |
|
| 245 | 0 | 0 |
_aPoesía norteamericana contemporánea : _bedición bilingüe / _cselec. y tr. William Shand ; pról. y notas Gilbert Chase. |
| 260 |
_aMéxico : _bDIMELISA, _c1976. |
||
| 300 | _a231 p. | ||
| 500 | _aTexto en inglés y español | ||
| 650 | 4 |
_aPOESIA ESTADOUNIDENSE _91308 |
|
| 700 | 1 |
_aShand, William, _ecomp. |
|
| 905 | _aLibro | ||
| 999 |
_c45301 _d45301 |
||